| 000 | 01264cam a2200289 4500 | ||
|---|---|---|---|
| 001 | ABS67733 | ||
| 008 | 040507n2004 000 0 eng u | ||
| 035 | _a(Sirsi) u126147 | ||
| 100 | _aDwelly, T. | ||
| 245 | _aLive and let work | ||
| 260 | _c2004 | ||
| 490 |
_aInside Housing _v21(17) 30 April 2004, 30-31(2) |
||
| 520 | _aExamines the concept of live/work accommodation, residential and work space within the same building, as something housing associations can provide to foster economic enterprise and environmental sustainability on housing estates. Typical live/workers include creatives, IT workers, architects and therapists. They save on commercial rents and travel-to-work time. Housing associations are well placed to become market leaders in the provision of this type of accommodation but will need much more policy support from funders and the government to achieve that position. | ||
| 590 | _aABS | ||
| 590 | _aABS | ||
| 650 | _aMIXED-USE DEVELOPMENTS | ||
| 650 | _aLIVE/WORK CONCEPT | ||
| 650 | _aTENANTS | ||
| 650 | _aCOMMUNITIES | ||
| 650 | _aHOUSING ESTATES | ||
| 650 | _aWORK SPACE | ||
| 650 | _aHOUSING ASSOCIATIONS | ||
| 650 | _aLIVE/WORK USE | ||
| 650 | _aFUNDERS | ||
| 690 | _aHOUSING-DEVELOPMENT | ||
| 942 | _n0 | ||
| 999 |
_c117328 _d117328 |
||